Statistics for Name that Jack Nicholson Movie

Click here to take the quiz!

General Stats

  • This quiz has been taken 17 times
  • The average score is 7 of 10

Answer Stats

Year: StorylineAnswer% Correct
2006: An undercover cop and a mole in the police attempt to identify each other while infiltrating an Irish gang in South Boston.The Departed
94%
1980: A family heads to an isolated hotel for the winter where an evil spiritual presence influences the father into violence.The Shining
81%
2007: Two terminally ill men escape from a cancer ward and head off on a road trip with a wish list of to-dos before they die.The Bucket List
81%
1975: A criminal pleads insanity after getting into trouble again and once in the mental institution rebels against the oppressive nurse and rallies up the scared patients.One Flew Over the Cuckoo's Nest
81%
2003: A businessman who is wrongly sentenced to an anger-management program where he meets an aggressive instructor.Anger Management
75%
1997: A single mother and waitress, a misanthropic author, and a gay artist form an unlikely friendship after the artist is assaulted in a robbery.As Good as It Gets
63%
1974: A private detective hired to expose an adulterer finds himself caught up in a web of deceit, corruption, and murder.Chinatown
63%
1994: A publisher becomes a werewolf and has to fight it to keep his job.Wolf
56%
2002: A man upon retirement, embarks on a journey to his estranged daughter's wedding, only to discover more about himself and life than he ever expected.About Schmidt
50%
2003: A swinger on the cusp of being a senior citizen with a taste for young women falls in love with an accomplished woman closer to his age.Something's Gotta Give
44%

Score Distribution

Percentile by Number Answered

Percent of People with Each Score

Your Score History

You have not taken this quiz